Iterpretacijnij pidchid v koncepcijach političnoj kuľturi

Salvato in:
Dettagli Bibliografici
Autore principale: Zubro, Tetyana, 1975-
Natura: Capitolo di libro
Lingua:ucraino
Tags: Aggiungi Tag
Nessun Tag, puoi essere il primo ad aggiungerne!!

MARC

LEADER 00000naa a2200000 4500
001 0210482
005 20240502083525.8
041 0 |a ukr 
044 |a UA 
245 1 0 |a Iterpretacijnij pidchid v koncepcijach političnoj kuľturi  |c Tetyana Zubro 
100 1 |a Zubro, Tetyana, 1975-